|
|
|
|
| LEADER |
01491nam a2200313 a 4500 |
| 001 |
13769955 |
| 008 |
090709s2004 bg b 100 0 eng d |
| 010 |
|
|
|a 2004329900
|
| 020 |
|
|
|a 9840801864
|
| 040 |
|
|
|a DLC
|c DLC
|d DLC
|
| 082 |
0 |
0 |
|a 418/.02/095492
|2 22
|
| 111 |
2 |
|
|a Translation Workshop and Seminar
|d (2003 :
|c University of Dhaka)
|
| 245 |
1 |
0 |
|a Translation :
|b theory and practice /
|c edited by Niaz Zaman.
|
| 260 |
|
|
|a Dhaka :
|b Academic Press and Publishers,
|c 2004.
|
| 300 |
|
|
|a xiv, 145 p. ;
|c 24 cm.
|
| 520 |
|
|
|a Papers presented at the seminar; seminar was organized by PEN Bangladesh.
|
| 504 |
|
|
|a Includes bibliographical references.
|
| 541 |
1 |
|
|e 00012769
|
| 650 |
|
0 |
|a Translating and interpreting
|z Bangladesh
|v Congresses.
|
| 650 |
|
0 |
|a Bengali language
|z Bangladesh
|x Translating
|v Congresses.
|
| 650 |
|
0 |
|a Language and languages
|x Sociological aspects
|v Congresses.
|
| 650 |
|
0 |
|a Sociolinguistics
|v Congresses.
|
| 650 |
|
0 |
|a Creative thinking
|v Congresses.
|
| 700 |
1 |
|
|a Zaman, Niaz.
|
| 710 |
2 |
|
|a PEN Bangladesh.
|
| 852 |
4 |
|
|a Ayesha Abed Library
|j General Shelf.
|
| 999 |
|
|
|c 2413
|d 2413
|
| 952 |
|
|
|0 0
|1 0
|2 ddc
|4 0
|6 418_020954920000000_TRA
|7 0
|9 2233
|a BRACUL
|b BRACUL
|c GEN
|d 2009-07-14
|g 0.00
|l 2
|m 1
|o 418.02095492 TRA
|p 3010012769
|r 2022-12-04
|s 2022-11-03
|t 1
|w 2009-07-14
|y BK
|x No price found in the accession register.
|
| 952 |
|
|
|0 0
|1 0
|2 ddc
|4 0
|6 418_020954920000000_TRA
|7 0
|9 14076
|a BRACUL
|b BRACUL
|c GEN
|d 2011-01-22
|l 1
|o 418.02095492 TRA
|p 3010014398
|r 2014-01-16
|s 2013-09-12
|t 2
|w 2011-01-22
|y BK
|